00526nam a2200181 i 4500001001300000003000400013005001700017008004100034010002200075050002100097100002400118245004400142260004900186300002800235500001600263500001300279500005200292sa 65001989 DLC20260227112113.0850219s1964 ii b 00010 beno  asa 65001989 //r850 aPK1718.R313bA8310aRay, Sushil,d1915-00aAnala-āẏati /cSuśīla Rāẏa.0 aKalikātā :bEsa. Si. Sarakāra,c[1964] a572 p. :bmap ;c23 cm. aIn Bengali. aA novel. a"Satīdāha-prathā niẏe baiṭi likhita."